[Event "Kupreichik Memorial Rapid 2019"]
[Site "Minsk"]
[Date "2019.08.17"]
[Round "10.7"]
[White "Mikhailovsky, Vladimir"]
[Black "Pogosian, Manvel"]
[Result "1-0"]
[WhiteElo "2209"]
[BlackElo "2383"]
[Annotator "NA"]
[PlyCount "87"]
[EventDate "2019.08.15"]
[EventType "swiss"]
[EventCountry "BLR"]
[SourceTitle "playchess.com"]
[Source "ChessBase"]
[SourceQuality "1"]
[TimeControl "900+10"]

1. e4 {[%emt 0:00:00]} c6 {[%emt 0:00:00]} 2. Nc3 {[%emt 0:00:00]} d5 {[%emt 0:00:00]} 3. Nf3 {[%emt 0:00:00]} Bg4 {[%emt 0:00:00]} 4. h3 {[%emt 0:00:02]} Bxf3 {[%emt 0:00:00]} 5. Qxf3 {[%emt 0:00:02]} e6 {[%emt 0:00:00]} 6. g3 {[%emt 0:00:04]} Nd7 {[%emt 0:00:02]} 7. Bg2 {[%emt 0:00:02]} Ngf6 {[%emt 0:00:05]} 8. O-O {[%emt 0:00:03]} Bc5 {[%emt 0:00:21]} 9. b3 {[%emt 0:00:13]} O-O {[%emt 0:01:12]} 10. Bb2 {[%emt 0:00:04]} a5 {[%emt 0:00:50]} 11. a4 {[%emt 0:01:31]} Bd4 {[%emt 0:01:05]} 12. d3 {[%emt 0:00:32]} Qb6 {[%emt 0:00:57]} 13. Rab1 {[%emt 0:01:06]} Qc5 {[%emt 0:01:11]} 14. Ne2 {[%emt 0:00:09]} Bxb2 {[%emt 0:00:04]} 15. Rxb2 {[%emt 0:00:02]} Rad8 {[%emt 0:01:06]} 16. Qf4 {[%emt 0:02:24]} dxe4 {[%emt 0:01:31]} 17. Bxe4 {[%emt 0:00:08]} Qh5 {[%emt 0:00:23]} 18. Bf3 {[%emt 0:04:36]} Qxh3 {[%emt 0:00:12]} 19. b4 {[%emt 0:00:02]} e5 {[%emt 0:00:57]} 20. Qe3 {[%emt 0:00:01]} Ng4 {[%emt 0:03:01]} 21. Bxg4 {[%emt 0:00:05]} Qxg4 {[%emt 0:00:01]} 22. f3 {[%emt 0:00:41]} Qe6 {[%emt 0:01:39]} 23. bxa5 {[%emt 0:00:03]} Ra8 {[%emt 0:00:05]} 24. Rxb7 {[%emt 0:00:49]} Rxa5 {[%emt 0:00:01]} 25. Ra1 {[%emt 0:00:29]} Rfa8 {[%emt 0:01:20]} 26. Rb4 {[%emt 0:00:43]} Nc5 {[%emt 0:00:34]} 27. Nc3 {[%emt 0:00:11]} Qe7 {[%emt 0:00:46]} 28. Rc4 {[%emt 0:00:07]} Ne6 {[%emt 0:00:01]} 29. Rb1 {[%emt 0:01:06]} h5 {[%emt 0:00:34]} 30. Kf2 {[%emt 0:01:06]} Qd7 {[%emt 0:00:33]} 31. Rh1 {[%emt 0:00:14]} g6 {[%emt 0:00:10]} 32. g4 {[%emt 0:00:37]} Nf4 {[%emt 0:00:40]} 33. gxh5 {[%emt 0:00:05]} Nxh5 {[%emt 0:00:17]} 34. Ne4 {[%emt 0:00:28]} Qf5 {[%emt 0:00:26]} 35. Qh6 {[%emt 0:00:25]} Qf4 {[%emt 0:00:34]} 36. Rxh5 {[%emt 0:00:05]} Qxh6 {[%emt 0:00:06]} 37. Rxh6 {[%emt 0:00:01]} Rxa4 {[%emt 0:00:03]} 38. Rxc6 {[%emt 0:00:01]} Kg7 {[%emt 0:00:05]} 39. Rh1 {[%emt 0:00:05]} Ra2 {[%emt 0:00:03]} 40. Rc7 {[%emt 0:00:05]} Rd8 {[%emt 0:00:05]} 41. Ke3 {[%emt 0:00:03]} Ra6 {[%emt 0:00:30]} 42. Ng5 {[%emt 0:00:04]} Rf6 {[%emt 0:00:03]} 43. Rh7+ {[%emt 0:00:02]} Kg8 {[%emt 0:00:01]} 44. Rhxf7 {[%emt 0:00:02]} 1-0

[Event "Kupreichik Memorial Rapid 2019"]
[Site "Minsk"]
[Date "2019.08.17"]
[Round "10.8"]
[White "Sychev, Klementy"]
[Black "Pein, Malcolm"]
[Result "1/2-1/2"]
[WhiteElo "2579"]
[BlackElo "2312"]
[Annotator "ChessBase"]
[PlyCount "49"]
[EventDate "2019.08.15"]
[EventType "swiss"]
[EventCountry "BLR"]
[SourceTitle "playchess.com"]
[Source "ChessBase"]
[SourceQuality "1"]
[TimeControl "900+10"]

1. e4 {[%emt 0:00:00]} d6 {[%emt 0:00:01]} 2. d4 {[%emt 0:00:00]} Nf6 {[%emt 0:00:04]} 3. Nc3 {[%emt 0:00:00]} g6 {[%emt 0:00:02]} 4. Nf3 {[%emt 0:00:05]} Bg7 {[%emt 0:00:02]} 5. Bg5 {[%emt 0:00:03]} O-O {[%emt 0:01:13]} 6. Qd2 {[%emt 0:00:11]} Bg4 {[%emt 0:00:37]} 7. Qf4 {[%emt 0:00:03]} Bxf3 {[%emt 0:00:20]} 8. Qxf3 {[%emt 0:00:03]} c5 {[%emt 0:00:25]} 9. dxc5 {[%emt 0:04:39]} Qa5 {[%emt 0:00:22]} 10. e5 {[%emt 0:00:03]} dxe5 {[%emt 0:00:40]} 11. Qxb7 {[%emt 0:01:14]} Nbd7 {[%emt 0:02:37]} 12. Qb5 {[%emt 0:00:14]} Qc7 {[%emt 0:00:49]} 13. Qc4 {[%emt 0:00:52]} Rfb8 {[%emt 0:01:19]} 14. Rb1 {[%emt 0:01:33]} e4 {[%emt 0:01:25]} 15. Be2 {[%emt 0:04:00]} Ne5 {[%emt 0:02:05]} 16. Bf4 {[%emt 0:01:01]} Nf3+ {[%emt 0:01:37]} 17. Bxf3 {[%emt 0:00:16]} Qxf4 {[%emt 0:00:03]} 18. Nxe4 {[%emt 0:00:52]} Rxb2 {[%emt 0:01:29]} 19. Rxb2 {[%emt 0:00:28]} Nxe4 {[%emt 0:00:11]} 20. Qxe4 {[%emt 0:00:03]} Bc3+ {[%emt 0:00:09]} 21. Kf1 {[%emt 0:00:39]} Qc1+ {[%emt 0:00:13]} 22. Ke2 {[%emt 0:00:02]} Qd2+ {[%emt 0:00:13]} 23. Kf1 {[%emt 0:00:01]} Qc1+ {[%emt 0:00:22]} 24. Ke2 {[%emt 0:00:02]} Qd2+ {[%emt 0:00:05]} 25. Kf1 {[%emt 0:00:03]} 1/2-1/2

[Event "Kupreichik Memorial Rapid 2019"]
[Site "Minsk"]
[Date "2019.08.17"]
[Round "10.9"]
[White "Siniauski, Artsiom"]
[Black "Dydyshko, Viacheslav"]
[Result "0-1"]
[WhiteElo "2142"]
[BlackElo "2506"]
[Annotator "ChessBase"]
[PlyCount "122"]
[EventDate "2019.08.15"]
[EventType "swiss"]
[EventCountry "BLR"]
[SourceTitle "playchess.com"]
[Source "ChessBase"]
[SourceQuality "1"]
[TimeControl "900+10"]

1. e4 {[%emt 0:00:00]} c5 {[%emt 0:00:00]} 2. Nf3 {[%emt 0:00:00]} d6 {[%emt 0:00:00]} 3. Bb5+ {[%emt 0:00:00]} Bd7 {[%emt 0:00:00]} 4. Bxd7+ {[%emt 0:00:05]} Nxd7 {[%emt 0:00:00]} 5. O-O {[%emt 0:00:20]} Ngf6 {[%emt 0:00:00]} 6. Qe2 {[%emt 0:00:07]} Qc7 {[%emt 0:00:01]} 7. b3 {[%emt 0:00:05]} e6 {[%emt 0:00:39]} 8. Bb2 {[%emt 0:00:08]} Be7 {[%emt 0:00:02]} 9. c4 {[%emt 0:00:10]} a6 {[%emt 0:00:27]} 10. Nc3 {[%emt 0:00:11]} Ne5 {[%emt 0:00:04]} 11. Rad1 {[%emt 0:00:13]} O-O {[%emt 0:01:53]} 12. d4 {[%emt 0:00:15]} Nxf3+ {[%emt 0:00:54]} 13. Qxf3 {[%emt 0:00:05]} cxd4 {[%emt 0:00:02]} 14. Rxd4 {[%emt 0:00:04]} b5 {[%emt 0:00:15]} 15. cxb5 {[%emt 0:04:00]} axb5 {[%emt 0:00:02]} 16. Nxb5 {[%emt 0:00:34]} Qc2 {[%emt 0:03:35]} 17. Ba3 {[%emt 0:00:40]} Qxa2 {[%emt 0:01:26]} 18. Bxd6 {[%emt 0:00:21]} Bxd6 {[%emt 0:00:02]} 19. Nxd6 {[%emt 0:00:04]} Rab8 {[%emt 0:00:56]} 20. Rd3 {[%emt 0:00:23]} Nd7 {[%emt 0:00:47]} 21. Qe3 {[%emt 0:01:45]} Ne5 {[%emt 0:00:52]} 22. Rc3 {[%emt 0:00:05]} Rfd8 {[%emt 0:01:02]} 23. Qc5 {[%emt 0:01:19]} f6 {[%emt 0:00:03]} 24. f4 {[%emt 0:01:06]} Nd7 {[%emt 0:02:12]} 25. Qc4 {[%emt 0:00:06]} Nf8 {[%emt 0:00:06]} 26. e5 {[%emt 0:00:07]} Qa5 {[%emt 0:00:42]} 27. Qd4 {[%emt 0:02:30]} Qb6 {[%emt 0:00:50]} 28. Qxb6 {[%emt 0:01:57]} Rxb6 {[%emt 0:00:02]} 29. Ra1 {[%emt 0:00:12]} fxe5 {[%emt 0:00:34]} 30. fxe5 {[%emt 0:00:09]} Ng6 {[%emt 0:00:28]} 31. Nc4 {[%emt 0:00:20]} Rb5 {[%emt 0:00:07]} 32. Re3 {[%emt 0:00:44]} Rdb8 {[%emt 0:00:06]} 33. Ra3 {[%emt 0:00:04]} h6 {[%emt 0:00:18]} 34. Kf2 {[%emt 0:00:15]} Rf8+ {[%emt 0:00:09]} 35. Ke1 {[%emt 0:00:08]} Nf4 {[%emt 0:00:06]} 36. Rg3 {[%emt 0:00:07]} Rb7 {[%emt 0:00:10]} 37. Ra6 {[%emt 0:00:23]} Rfb8 {[%emt 0:00:18]} 38. Rg4 {[%emt 0:00:44]} Rf8 {[%emt 0:00:23]} 39. g3 {[%emt 0:01:02]} Nd3+ {[%emt 0:00:05]} 40. Ke2 {[%emt 0:00:02]} Rxb3 {[%emt 0:00:25]} 41. Rxe6 {[%emt 0:00:26]} Rf2+ {[%emt 0:00:07]} 42. Ke3 {[%emt 0:00:02]} Nxe5+ {[%emt 0:00:28]} 43. Kxf2 {[%emt 0:00:02]} Nxg4+ {[%emt 0:00:02]} 44. Kg2 {[%emt 0:00:03]} Rc3 {[%emt 0:00:02]} 45. Nd2 {[%emt 0:00:43]} Rc2 {[%emt 0:00:03]} 46. Rd6 {[%emt 0:00:05]} Kf7 {[%emt 0:00:15]} 47. h3 {[%emt 0:00:00]} Ne5 {[%emt 0:00:00]} 48. Kf1 {[%emt 0:00:00]} Ke7 {[%emt 0:00:05]} 49. Rd4 {[%emt 0:00:00]} Ke6 {[%emt 0:00:03]} 50. Ke2 {[%emt 0:00:00]} Ra2 {[%emt 0:00:04]} 51. Ke3 {[%emt 0:00:00]} Ra3+ {[%emt 0:00:06]} 52. Kf2 {[%emt 0:00:00]} Nd3+ {[%emt 0:00:04]} 53. Kg2 {[%emt 0:00:00]} Nc5 {[%emt 0:00:06]} 54. h4 {[%emt 0:00:46]} Nd3 {[%emt 0:00:32]} 55. Kh3 {[%emt 0:00:28]} Ne5 {[%emt 0:00:25]} 56. Re4 {[%emt 0:00:15]} Rc3 {[%emt 0:00:02]} 57. Rf4 {[%emt 0:00:27]} g5 {[%emt 0:00:04]} 58. hxg5 {[%emt 0:00:06]} hxg5 {[%emt 0:00:01]} 59. Rd4 {[%emt 0:00:04]} Rc2 {[%emt 0:00:13]} 60. Ne4 {[%emt 0:00:23]} g4+ {[%emt 0:00:02]} 61. Kh4 {[%emt 0:00:03]} Nf3+ {[%emt 0:00:04]} 0-1

[Event "Kupreichik Memorial Rapid 2019"]
[Site "Minsk"]
[Date "2019.08.17"]
[Round "10.10"]
[White "Zhukova, Natalia"]
[Black "Kochetkov, German"]
[Result "1-0"]
[WhiteElo "2333"]
[BlackElo "2277"]
[Annotator "NA"]
[PlyCount "96"]
[EventDate "2019.08.15"]
[EventType "swiss"]
[EventCountry "BLR"]
[SourceTitle "playchess.com"]
[Source "ChessBase"]
[SourceQuality "1"]
[TimeControl "900+10"]

1. c4 {[%emt 0:00:00]} c5 {[%emt 0:00:00]} 2. Nf3 {[%emt 0:00:00]} Nc6 {[%emt 0:00:00]} 3. d4 {[%emt 0:00:00]} cxd4 {[%emt 0:00:00]} 4. Nxd4 {[%emt 0:00:00]} Nf6 {[%emt 0:00:11]} 5. Nc3 {[%emt 0:00:00]} g6 {[%emt 0:00:03]} 6. e4 {[%emt 0:00:02]} Bg7 {[%emt 0:00:06]} 7. Be3 {[%emt 0:00:03]} O-O {[%emt 0:00:10]} 8. Be2 {[%emt 0:00:02]} d6 {[%emt 0:00:17]} 9. O-O {[%emt 0:00:05]} Bd7 {[%emt 0:00:24]} 10. h3 {[%emt 0:00:02]} a6 {[%emt 0:00:21]} 11. Nb3 {[%emt 0:01:50]} a5 {[%emt 0:02:53]} 12. Nd2 {[%emt 0:01:17]} Ne8 {[%emt 0:00:28]} 13. Rc1 {[%emt 0:00:07]} Nd4 {[%emt 0:01:00]} 14. Nf3 {[%emt 0:01:57]} Nxe2+ {[%emt 0:00:13]} 15. Qxe2 {[%emt 0:00:02]} Bc6 {[%emt 0:03:24]} 16. Rfd1 {[%emt 0:00:52]} f5 {[%emt 0:04:08]} 17. exf5 {[%emt 0:02:43]} Rxf5 {[%emt 0:00:11]} 18. Nd4 {[%emt 0:00:10]} Bxd4 {[%emt 0:00:09]} 19. Rxd4 {[%emt 0:00:44]} Ng7 {[%emt 0:00:23]} 20. Nd5 {[%emt 0:02:49]} e6 {[%emt 0:00:27]} 21. Nc3 {[%emt 0:00:07]} Rf7 {[%emt 0:00:21]} 22. Rg4 {[%emt 0:02:22]} Nf5 {[%emt 0:00:47]} 23. Rd1 {[%emt 0:00:07]} Qf6 {[%emt 0:01:02]} 24. Bg5 {[%emt 0:01:53]} Qg7 {[%emt 0:00:27]} 25. Bc1 {[%emt 0:00:50]} Raf8 {[%emt 0:00:23]} 26. f3 {[%emt 0:00:22]} h5 {[%emt 0:00:26]} 27. Rg5 {[%emt 0:00:24]} Nh4 {[%emt 0:00:36]} 28. Qxe6 {[%emt 0:00:14]} Bxf3 {[%emt 0:00:29]} 29. Rxd6 {[%emt 0:00:07]} Bxg2 {[%emt 0:00:13]} 30. Rxg2 {[%emt 0:00:06]} Nxg2 {[%emt 0:00:04]} 31. Kxg2 {[%emt 0:00:02]} Kh7 {[%emt 0:00:01]} 32. Be3 {[%emt 0:00:06]} Re7 {[%emt 0:00:10]} 33. Bd4 {[%emt 0:00:40]} Rxe6 {[%emt 0:00:22]} 34. Bxg7 {[%emt 0:00:02]} Rxd6 {[%emt 0:00:01]} 35. Bxf8 {[%emt 0:00:01]} Rd2+ {[%emt 0:00:01]} 36. Kf3 {[%emt 0:00:23]} Rxb2 {[%emt 0:00:01]} 37. Bd6 {[%emt 0:00:02]} Rd2 {[%emt 0:00:11]} 38. Be5 {[%emt 0:00:03]} Rd3+ {[%emt 0:00:02]} 39. Kg2 {[%emt 0:00:08]} g5 {[%emt 0:00:00]} 40. Ne4 {[%emt 0:00:15]} Kg6 {[%emt 0:00:05]} 41. Nc5 {[%emt 0:00:07]} Rd2+ {[%emt 0:00:09]} 42. Kf3 {[%emt 0:00:01]} Rc2 {[%emt 0:00:17]} 43. Nxb7 {[%emt 0:00:49]} Rxc4 {[%emt 0:00:01]} 44. a3 {[%emt 0:00:13]} a4 {[%emt 0:00:08]} 45. Bd6 {[%emt 0:00:01]} Rc3+ {[%emt 0:00:13]} 46. Kg2 {[%emt 0:00:01]} Kf5 {[%emt 0:00:32]} 47. Bb4 {[%emt 0:00:01]} Rc2+ {[%emt 0:00:14]} 48. Kf3 {[%emt 0:00:06]} h4 {Ke4+} 1-0

[Event "Kupreichik Memorial Rapid 2019"]
[Site "Minsk"]
[Date "2019.08.17"]
[Round "10.11"]
[White "Zarubitski, Viachaslau"]
[Black "Khrapko, Marharyta"]
[Result "1-0"]
[WhiteElo "2426"]
[BlackElo "2073"]
[Annotator "NA"]
[PlyCount "59"]
[EventDate "2019.08.15"]
[EventType "swiss"]
[EventCountry "BLR"]
[SourceTitle "playchess.com"]
[Source "ChessBase"]
[SourceQuality "1"]
[TimeControl "900+10"]

1. e4 {[%emt 0:00:00]} c5 {[%emt 0:00:00]} 2. Nf3 {[%emt 0:00:00]} Nc6 {[%emt 0:00:00]} 3. Bb5 {[%emt 0:00:00]} d6 {[%emt 0:00:00]} 4. O-O {[%emt 0:00:00]} Bd7 {[%emt 0:00:00]} 5. Re1 {[%emt 0:00:03]} a6 {[%emt 0:00:00]} 6. Bf1 {[%emt 0:00:01]} Bg4 {[%emt 0:00:00]} 7. h3 {[%emt 0:00:24]} Bxf3 8. Qxf3 {[%emt 0:00:01]} g6 {[%emt 0:00:06]} 9. g3 {[%emt 0:00:33]} Bg7 {[%emt 0:00:11]} 10. Bg2 {[%emt 0:00:01]} Nf6 {[%emt 0:00:25]} 11. Qd1 {[%emt 0:00:06]} O-O {[%emt 0:00:49]} 12. c3 {[%emt 0:00:02]} Nd7 {[%emt 0:00:11]} 13. d3 {[%emt 0:01:00]} Rb8 {[%emt 0:00:09]} 14. Be3 {[%emt 0:00:09]} b5 {[%emt 0:01:17]} 15. d4 {[%emt 0:00:10]} b4 {[%emt 0:00:32]} 16. e5 {[%emt 0:04:20]} Na5 {[%emt 0:00:26]} 17. exd6 {[%emt 0:00:19]} exd6 18. Nd2 bxc3 {[%emt 0:02:16]} 19. bxc3 {[%emt 0:00:43]} Nb6 {[%emt 0:01:42]} 20. dxc5 {[%emt 0:03:17]} dxc5 {[%emt 0:00:33]} 21. Bxc5 {[%emt 0:00:11]} Bxc3 {[%emt 0:00:27]} 22. Bxf8 {[%emt 0:00:02]} Qxf8 {[%emt 0:05:31]} 23. Rc1 {[%emt 0:01:37]} Qg7 {[%emt 0:00:46]} 24. Qe2 {[%emt 0:01:45]} h6 {[%emt 0:03:02]} 25. Red1 {[%emt 0:00:26]} Na4 {[%emt 0:00:16]} 26. Ne4 {[%emt 0:00:18]} Rb2 {[%emt 0:00:26]} 27. Qxa6 {[%emt 0:00:44]} Bb4 {[%emt 0:00:02]} 28. Rc8+ {[%emt 0:00:14]} Bf8 {[%emt 0:00:02]} 29. Nf6+ {[%emt 0:00:07]} Kh8 {[%emt 0:00:02]} 30. Rdd8 {[%emt 0:00:06]} 1-0

[Event "Kupreichik Memorial Rapid 2019"]
[Site "Minsk"]
[Date "2019.08.17"]
[Round "10.12"]
[White "Smirnov, Valerij"]
[Black "Barskij, Vladimir"]
[Result "1/2-1/2"]
[WhiteElo "2261"]
[BlackElo "2389"]
[Annotator "NA"]
[PlyCount "32"]
[EventDate "2019.08.15"]
[EventType "swiss"]
[EventCountry "BLR"]
[SourceTitle "playchess.com"]
[Source "ChessBase"]
[SourceQuality "1"]
[TimeControl "900+10"]

1. d4 {[%emt 0:00:00]} d5 {[%emt 0:00:00]} 2. Nf3 {[%emt 0:00:00]} Nc6 {[%emt 0:00:00]} 3. g3 {[%emt 0:00:02]} Bf5 {[%emt 0:00:00]} 4. Bg2 {[%emt 0:00:03]} Nb4 {[%emt 0:00:04]} 5. Na3 {[%emt 0:00:02]} e6 {[%emt 0:00:15]} 6. c3 {[%emt 0:00:13]} Na6 {[%emt 0:00:04]} 7. Nc2 {[%emt 0:00:09]} c6 {[%emt 0:00:07]} 8. O-O {[%emt 0:00:07]} Be7 {[%emt 0:00:06]} 9. Ne5 {[%emt 0:00:51]} Nf6 {[%emt 0:00:39]} 10. Ne3 {[%emt 0:01:27]} Bg6 {[%emt 0:00:20]} 11. Nxg6 {[%emt 0:01:02]} hxg6 {[%emt 0:00:02]} 12. c4 {[%emt 0:00:02]} O-O {[%emt 0:00:21]} 13. b3 {[%emt 0:00:17]} Nc7 {[%emt 0:00:21]} 14. Bb2 {[%emt 0:00:09]} a5 {[%emt 0:00:04]} 15. a4 {[%emt 0:01:02]} Na6 {[%emt 0:00:30]} 16. Nc2 {[%emt 0:00:12]} Nb4 {[%emt 0:01:57]} 1/2-1/2

[Event "Kupreichik Memorial Rapid 2019"]
[Site "Minsk"]
[Date "2019.08.17"]
[Round "10.13"]
[White "Agapov, Sergey"]
[Black "Kameko, Aleksandr"]
[Result "1/2-1/2"]
[WhiteElo "2265"]
[BlackElo "2045"]
[Annotator "NA"]
[PlyCount "58"]
[EventDate "2019.08.15"]
[EventType "swiss"]
[EventCountry "BLR"]
[SourceTitle "playchess.com"]
[Source "ChessBase"]
[SourceQuality "1"]
[TimeControl "900+10"]

1. d4 {[%emt 0:00:00]} d5 {[%emt 0:00:00]} 2. c4 {[%emt 0:00:00]} c6 {[%emt 0:00:00]} 3. cxd5 cxd5 {[%emt 0:00:00]} 4. Nc3 {[%emt 0:00:00]} Nc6 {[%emt 0:00:04]} 5. e4 {[%emt 0:00:00]} e6 {[%emt 0:00:09]} 6. e5 {[%emt 0:00:00]} Nge7 {[%emt 0:00:59]} 7. g4 {[%emt 0:00:02]} h5 {[%emt 0:00:27]} 8. f3 {[%emt 0:00:01]} Ng6 {[%emt 0:00:15]} 9. Be3 {[%emt 0:00:11]} Bb4 {[%emt 0:00:22]} 10. Bd3 {[%emt 0:00:17]} Ngxe5 {[%emt 0:00:10]} 11. dxe5 {[%emt 0:00:09]} d4 {[%emt 0:00:01]} 12. Be4 {[%emt 0:03:49]} dxc3 {[%emt 0:00:36]} 13. Bxc6+ {[%emt 0:00:01]} bxc6 {[%emt 0:00:02]} 14. Qxd8+ {[%emt 0:00:08]} Kxd8 {[%emt 0:00:02]} 15. O-O-O+ {[%emt 0:00:02]} Kc7 {[%emt 0:00:32]} 16. b3 {[%emt 0:00:06]} Ba6 {[%emt 0:00:27]} 17. Kc2 {[%emt 0:00:02]} Rad8 {[%emt 0:00:55]} 18. Rd4 {[%emt 0:00:44]} c5 {[%emt 0:00:12]} 19. Rf4 {[%emt 0:00:04]} Bd3+ {[%emt 0:00:15]} 20. Kc1 {[%emt 0:00:05]} Rhf8 {[%emt 0:00:54]} 21. Rxb4 {[%emt 0:00:23]} cxb4 {[%emt 0:00:03]} 22. Nh3 {[%emt 0:00:01]} hxg4 {[%emt 0:01:21]} 23. fxg4 {[%emt 0:00:02]} Rd5 {[%emt 0:00:17]} 24. Nf4 {[%emt 0:01:03]} Rxe5 {[%emt 0:00:31]} 25. Bd4 {[%emt 0:00:01]} Re4 {[%emt 0:00:11]} 26. Bc5 {[%emt 0:00:01]} Rd8 {[%emt 0:00:48]} 27. Bf2 {[%emt 0:00:18]} Rxf4 {[%emt 0:00:10]} 28. Bg3 {[%emt 0:00:01]} e5 {[%emt 0:00:01]} 29. Re1 {[%emt 0:00:04]} f6 {[%emt 0:00:03]} 1/2-1/2

[Event "Kupreichik Memorial Rapid 2019"]
[Site "Minsk"]
[Date "2019.08.17"]
[Round "10.14"]
[White "Svjatocho, Andrej"]
[Black "Mochalov, Evgeny V"]
[Result "0-1"]
[WhiteElo "1995"]
[BlackElo "2374"]
[Annotator "NA"]
[PlyCount "122"]
[EventDate "2019.08.15"]
[EventType "swiss"]
[EventCountry "BLR"]
[SourceTitle "playchess.com"]
[Source "ChessBase"]
[SourceQuality "1"]
[TimeControl "900+10"]

1. e4 {[%emt 0:00:00]} c5 {[%emt 0:00:00]} 2. f4 {[%emt 0:00:00]} g6 {[%emt 0:00:00]} 3. Nf3 {[%emt 0:00:00]} Bg7 {[%emt 0:00:00]} 4. Nc3 {[%emt 0:00:03]} Nc6 {[%emt 0:00:02]} 5. g3 {[%emt 0:00:04]} d6 {[%emt 0:00:19]} 6. Bg2 {[%emt 0:00:05]} Nf6 {[%emt 0:00:02]} 7. O-O {[%emt 0:00:04]} O-O {[%emt 0:00:02]} 8. d3 {[%emt 0:00:06]} Rb8 {[%emt 0:00:04]} 9. a4 {[%emt 0:00:02]} a6 {[%emt 0:00:01]} 10. h3 {[%emt 0:00:25]} b5 {[%emt 0:00:01]} 11. axb5 {[%emt 0:00:02]} axb5 {[%emt 0:00:01]} 12. g4 {[%emt 0:00:21]} b4 {[%emt 0:00:10]} 13. Ne2 {[%emt 0:00:05]} Ne8 {[%emt 0:00:15]} 14. f5 {[%emt 0:00:09]} Nc7 {[%emt 0:01:11]} 15. Nf4 {[%emt 0:02:32]} Nb5 {[%emt 0:01:26]} 16. Nd2 {[%emt 0:00:56]} Ne5 {[%emt 0:03:05]} 17. Nd5 {[%emt 0:03:16]} Bb7 {[%emt 0:04:07]} 18. f6 {[%emt 0:00:18]} exf6 {[%emt 0:00:11]} 19. Ne3 {[%emt 0:00:04]} Nd4 {[%emt 0:03:54]} 20. Ndc4 {[%emt 0:05:00]} Qc7 {[%emt 0:01:56]} 21. c3 {[%emt 0:00:36]} bxc3 {[%emt 0:00:27]} 22. bxc3 {[%emt 0:00:02]} Nb5 {[%emt 0:00:41]} 23. Qc2 {[%emt 0:00:04]} Ra8 {[%emt 0:00:14]} 24. Bd2 {[%emt 0:00:11]} Rxa1 {[%emt 0:00:05]} 25. Rxa1 {[%emt 0:00:03]} Ra8 {[%emt 0:00:01]} 26. Rb1 {[%emt 0:01:06]} Na3 {[%emt 0:00:39]} 27. Nxa3 {[%emt 0:00:10]} Rxa3 {[%emt 0:00:01]} 28. Qb2 {[%emt 0:00:30]} Ra7 {[%emt 0:00:04]} 29. d4 {[%emt 0:00:09]} Nd3 {[%emt 0:00:13]} 30. Qb5 {[%emt 0:00:38]} Nf4 {[%emt 0:00:19]} 31. Qe8+ {[%emt 0:01:13]} Bf8 {[%emt 0:00:00]} 32. Nd5 {[%emt 0:00:02]} Nxd5 {[%emt 0:00:25]} 33. exd5 {[%emt 0:00:05]} cxd4 {[%emt 0:00:16]} 34. Rc1 {[%emt 0:01:18]} Ra8 {[%emt 0:00:04]} 35. Qe1 {[%emt 0:00:05]} dxc3 {[%emt 0:00:17]} 36. Bxc3 {[%emt 0:00:06]} Qb6+ {[%emt 0:00:04]} 37. Kh2 {[%emt 0:00:05]} Bg7 {[%emt 0:00:04]} 38. Rb1 {[%emt 0:00:07]} Qc7 {[%emt 0:00:01]} 39. Qd2 {[%emt 0:00:13]} Rc8 {[%emt 0:00:14]} 40. Bd4 {[%emt 0:00:20]} Ba6 {[%emt 0:00:09]} 41. Ra1 {[%emt 0:00:14]} Bb5 {[%emt 0:00:13]} 42. Qb2 {[%emt 0:00:11]} Bd3 {[%emt 0:00:18]} 43. Ra3 {[%emt 0:00:57]} Qc2 {[%emt 0:00:16]} 44. Qa1 {[%emt 0:00:11]} Be4 {[%emt 0:00:14]} 45. Ra2 {[%emt 0:00:01]} Qd3 {[%emt 0:00:03]} 46. Bxf6 {[%emt 0:00:16]} Bxf6 {[%emt 0:00:14]} 47. Qxf6 {[%emt 0:00:02]} Bxg2 {[%emt 0:00:07]} 48. Rxg2 {[%emt 0:00:13]} Qxd5 {[%emt 0:00:04]} 49. Qf4 {[%emt 0:00:11]} Qe5 {[%emt 0:00:05]} 50. Qxe5 {[%emt 0:00:12]} dxe5 {[%emt 0:00:01]} 51. Re2 {[%emt 0:00:02]} f6 {[%emt 0:00:06]} 52. g5 {[%emt 0:00:04]} Kf7 {[%emt 0:00:06]} 53. gxf6 {[%emt 0:00:04]} Kxf6 {[%emt 0:00:01]} 54. Re3 {[%emt 0:00:05]} g5 {[%emt 0:00:11]} 55. Kg3 {[%emt 0:00:03]} Rc4 {[%emt 0:00:00]} 56. Ra3 {[%emt 0:00:06]} h5 {[%emt 0:00:05]} 57. Ra6+ {[%emt 0:00:05]} Kf5 {[%emt 0:00:01]} 58. Ra8 {[%emt 0:00:30]} h4+ {[%emt 0:00:20]} 59. Kf3 {[%emt 0:00:06]} Rc3+ {[%emt 0:00:04]} 60. Kg2 {[%emt 0:00:02]} Rc2+ {[%emt 0:00:08]} 61. Kf3 {[%emt 0:00:06]} e4+ {[%emt 0:00:05]} 0-1